| 000 -LEADER |
| fixed length control field |
00394nam a2200145Ia 4500 |
| 003 - CONTROL NUMBER IDENTIFIER |
| control field |
OSt |
| 005 - DATE AND TIME OF LATEST TRANSACTION |
| control field |
20260422152926.0 |
| 008 - FIXED-LENGTH DATA ELEMENTS--GENERAL INFORMATION |
| fixed length control field |
260210s9999 xx 000 0 und d |
| 020 ## - INTERNATIONAL STANDARD BOOK NUMBER |
| International Standard Book Number |
9781864704686 |
| 082 ## - DEWEY DECIMAL CLASSIFICATION NUMBER |
| Classification number |
720 |
| 100 ## - MAIN ENTRY--PERSONAL NAME |
| Personal name |
Inc. Development Design Group |
| 245 #4 - TITLE STATEMENT |
| Title |
DDG: The Master Architect Series Revisited 2.0 Selected and Current Works |
| 260 ## - PUBLICATION, DISTRIBUTION, ETC. (IMPRINT) |
| Name of publisher, distributor, etc |
Images |
| Date of publication, distribution, etc |
2014 |
| 942 ## - ADDED ENTRY ELEMENTS (KOHA) |
| Item type |
PG Books |
| Source of classification or shelving scheme |
|